000 00588nam a22001697a 4500
005 20230927122435.0
020 _a9789390649969
_c1295.00
082 _a796
_2First
100 _aKadhiravan, Vasanthi
_957546
245 _aScientific Aspects of Physical Education and Sports Science/
_cby Vasanthi Kadhiravan
250 _aFirst
260 _aNew Delhi
_bFriends Publication
_c2021
270 _a101, 4787/23, Ansari Road, Daryaganj
_bNew Delhi
_e110002
300 _a246p.
_c25cm(hbk)
942 _2ddc
_cEN
_h796
_mKAD
999 _c198597
_d198597